[Event "La Pampa op"]
[Site "La Pampa"]
[Date "2022.03.05"]
[Round "4"]
[White "Falcinelli, Fabricio"]
[Black "Chain, Eduardo Antonio"]
[Result "0-1"]
[WhiteElo "1625"]
[BlackElo "1885"]
[PlyCount "40"]
[EventDate "2022.03.04"]
[EventType "swiss"]
[EventRounds "7"]
[EventCountry "ARG"]
[SourceTitle "CBM 207 Extra"]
[Source "ChessBase"]
[SourceDate "2022.05.31"]
[SourceVersion "1"]
[SourceVersionDate "2022.05.31"]
[SourceQuality "1"]

1. d4 Nf6 2. c4 g6 3. Nc3 Bg7 4. e4 d6 5. Nf3 0-0 6. Be2 e5 7. d5 Nbd7 8. h3 Nc5 9. Qc2 a5 10. Rb1 Bd7 11. Be3 Nfxe4 12. Bd3 Nxc3 13. bxc3 e4 14. Bxe4 Nxe4 15. Qxe4 Bf5 16. Qf4 Bxb1 17. 0-0 Bd3 18. Rc1 Qf6 19. Qg3 Bxc4 20. Bd4 Qd8 0-1